| 000 -LEADER |
| fixed length control field |
00590nam a2200169Ia 4500 |
| 001 - CONTROL NUMBER |
| control field |
7537 |
| 003 - CONTROL NUMBER IDENTIFIER |
| control field |
GE_BSU |
| 008 - FIXED-LENGTH DATA ELEMENTS--GENERAL INFORMATION |
| fixed length control field |
181216s||||||||xx |||||||||||||| ||und|| |
| 040 ## - CATALOGING SOURCE |
| Transcribing agency |
GE_BSU |
| 245 ## - TITLE STATEMENT |
| Title |
ლიტერატურული პალიტრა.№8.2013 |
| 245 ## - TITLE STATEMENT |
| Statement of responsibility, etc. |
პროექტ. ავტ.თამარ მამაცაშვილი,მთ.რედ: ზაალ ჩხეიძე და სხვა. |
| 260 ## - PUBLICATION, DISTRIBUTION, ETC. |
| Place of publication, distribution, etc. |
თბილისი. |
| 260 ## - PUBLICATION, DISTRIBUTION, ETC. |
| Name of publisher, distributor, etc. |
მედია პალიტრა. |
| 260 ## - PUBLICATION, DISTRIBUTION, ETC. |
| Date of publication, distribution, etc. |
2013. |
| 300 ## - PHYSICAL DESCRIPTION |
| Extent |
174გვ;29სმ. |
| 942 ## - ADDED ENTRY ELEMENTS (KOHA) |
| Koha item type |
პერიოდიკა |